|
|
|
|
| LEADER |
00000cam a2200000 7i4500 |
| 001 |
0000030396 |
| 005 |
20110125.0 |
| 008 |
110125 |
| 020 |
|
|
|a 9971774615
|
| 090 |
0 |
0 |
|a 899.281
|b MEG
|
| 100 |
1 |
|
|a Megadona
|b sebuah antologi puisi 1966-1986Mohammad Gani bin Ahmad
|
| 245 |
1 |
0 |
|a Zuriat
|c Megadona
|
| 260 |
|
|
|a Sg :
|b Pustaka Nasional ,
|c 2002
|
| 650 |
|
0 |
|a Puisi
|
| 999 |
|
|
|a 0001016296
|b Book
|c Adult Collection
|e Perbadanan Perpustakaan Awam Johor
|
| 999 |
|
|
|a 0001016297
|b Book
|c Adult Collection
|e Perbadanan Perpustakaan Awam Johor
|
| 999 |
|
|
|a 0001016298
|b Book
|c Adult Collection
|e Perbadanan Perpustakaan Awam Johor
|